Kointegrácia exportov a importov tovarov a ich vplyv na makroekonomickú výkonnosť

V minulých desaťročiach sa zosilňujú tlaky na udržateľnosť vonkajšej rovnováhy, keďže v mnohých svetových ekonomikách existuje prítomnosť a prehlbovanie sa značných nerovnováh bežného účtu a obchodnej bilancie. Analýza kointegračného, a teda dlhodobého vzťahu medzi exportom a importom, ktorá predsta...

Description complète

Enregistré dans:
Détails bibliographiques
Auteur principal: Semančíková, Jozefína
Format: Chapitre de livre
Langue:slovaque
Sujets:
Tags: Ajouter un tag
Pas de tags, Soyez le premier à ajouter un tag!

MARC

LEADER 00000naa a2200000 4500
001 0240505
005 20221104110722.0
041 0 |a slo 
044 |a SK 
245 1 0 |a Kointegrácia exportov a importov tovarov a ich vplyv na makroekonomickú výkonnosť  |c Jozefína Semančíková 
520 |a V minulých desaťročiach sa zosilňujú tlaky na udržateľnosť vonkajšej rovnováhy, keďže v mnohých svetových ekonomikách existuje prítomnosť a prehlbovanie sa značných nerovnováh bežného účtu a obchodnej bilancie. Analýza kointegračného, a teda dlhodobého vzťahu medzi exportom a importom, ktorá predstavuje predpoklad krajín k udržateľnej vonkajšej rovnováhe, pričom výsledky potvrdzujú kointegračný vzťah medzi týmito premennými. Odhad determinantov exportu a importu vybraných európskych krajín. 
610 2 0 |a rovnováha vonkajšia 
610 2 0 |a krajiny vyspelé 
610 2 0 |a Európa 
610 2 0 |a vývoz 
610 2 0 |a dovoz 
610 2 0 |a výkonnosť ekonomiky 
100 1 |a Semančíková, Jozefína